ග්‍රහ අපල සඳහා ක්‍රමාණුකූලව බෝධි පූජා තබන හැටි /

Graha apala sandaha kramanukulava bodhi puuja thabana hati
Saved in:
Bibliographic Details
Other Authors: අත්තනායක, බන්දුල (සම්පා.)
Format: Book
Published: වරකාපොල : ආරිය ප්‍රකාශකයෝ, 1999.
Tags: Add Tag
No Tags, Be the first to tag this record!

MARC

LEADER 00000nam a22000007a 4500
003 LK-CoNLD
005 20260317093341.0
008 260317b |||||||| |||| 00| 0 ||| d
015 |2 slnb 
017 |a 281696  |b LK-CoDNA 
040 |a LK-CoNLD  |b SIN  |c LK-CoNLD  |d LK-CoNLD 
082 |2 23  |q LK-CoNLD 
245 |6 880-1  |a ග්‍රහ අපල සඳහා ක්‍රමාණුකූලව බෝධි පූජා තබන හැටි /  |c සම්පාදනය බන්දුල අත්තනායක. 
260 |a වරකාපොල :  |b ආරිය ප්‍රකාශකයෝ,  |c 1999. 
300 |a පි. 36 ;  |c සෙමි. 21.  |b කබැ-බෝක : රු.25.00 
700 |a අත්තනායක, බන්දුල  |9 16266  |e සම්පා. 
880 |6 245-1  |a Graha apala sandaha kramanukulava bodhi puuja thabana hati 
942 |c BOOK 
999 |c 298135  |d 298135 
945 |a 21990  |b Sachini DHANANJANI  |c 21990  |d Sachini DHANANJANI